[Event "Charleroi op"]
[Site "Charleroi"]
[Date "2018.08.04"]
[Round "9"]
[White "Klinova, Masha"]
[Black "Sclacmender, Julien"]
[Result "1/2-1/2"]
[WhiteElo "2298"]
[BlackElo "2245"]
[PlyCount "47"]
[EventDate "2018.07.28"]
[EventType "swiss"]
[EventRounds "9"]
[EventCountry "BEL"]
[SourceTitle "CBM 185 Extra"]
[Source "ChessBase"]
[SourceDate "2018.07.29"]
[SourceVersion "1"]
[SourceVersionDate "2018.07.29"]
[SourceQuality "1"]

1. e4 c5 2. Nf3 d6 3. Bb5+ Nd7 4. 0-0 a6 5. Bxd7+ Bxd7 6. d4 cxd4 7. Qxd4 Rc8 8. a4 Qc7 9. Nc3 e5 10. Qd3 Be6 11. Re1 h6 12. Be3 Nf6 13. a5 Be7 14. Nd2 0-0 15. Nf1 Qc6 16. Bb6 Nd7 17. Ne3 Nxb6 18. axb6 Qxb6 19. Ncd5 Qd8 20. Nf5 Bg5 21. Nxd6 Rb8 22. Nc4 Bf6 23. Red1 Kh8 24. b3 1/2-1/2

[Event "Charleroi op"]
[Site "Charleroi"]
[Date "2017.07.31"]
[Round "4"]
[White "Sclacmender, Julien"]
[Black "Kveinys, Aloyzas"]
[Result "0-1"]
[WhiteElo "2261"]
[BlackElo "2542"]
[PlyCount "132"]
[EventDate "2017.07.29"]
[EventType "swiss"]
[EventRounds "9"]
[EventCountry "BEL"]
[SourceTitle "CBM 179 Extra"]
[Source "ChessBase"]
[SourceDate "2017.08.23"]
[SourceVersion "1"]
[SourceVersionDate "2017.08.23"]
[SourceQuality "1"]

1. e4 c5 2. Nf3 Nc6 3. Bb5 g6 4. 0-0 Bg7 5. Bxc6 dxc6 6. h3 Nf6 7. d3 Nd7 8. Nc3 e5 9. Be3 Qe7 10. Qd2 Nf8 11. Bh6 f6 12. Bxg7 Qxg7 13. Nh2 g5 14. Ne2 Ng6 15. Qe3 Qe7 16. c3 Nf4 17. Rfd1 Be6 18. d4 cxd4 19. cxd4 Nxe2+ 20. Qxe2 exd4 21. Rxd4 0-0 22. Ng4 Rad8 23. Rxd8 Rxd8 24. Rd1 Kg7 25. Ne3 Rd7 26. a3 c5 27. Qc2 b6 28. Rxd7 Qxd7 29. Kf1 Qd4 30. Ke2 h5 31. f3 h4 32. Qd2 Qxd2+ 33. Kxd2 Kf7 34. Nd1 Bb3 35. Nc3 Ke6 36. Ke3 Ke5 37. Nb1 Be6 38. Nd2 f5 39. exf5 Bxf5 40. Nc4+ Kd5 41. Nd2 b5 42. f4 g4 43. hxg4 Bxg4 44. Ne4 Bf5 45. Ng5 Kc4 46. Kd2 Bg4 47. Kc2 Kd4 48. Kd2 a5 49. f5 Ke5 50. f6 Kxf6 51. Ne4+ Ke5 52. Nxc5 Kf4 53. Ke1 Ke3 54. Nb7 a4 55. Nd6 Bd7 56. Nf7 Bc6 57. Nd6 Bxg2 58. Nf5+ Kd3 59. Nxh4 Be4 60. Kd1 Kc4 61. Kc1 Kb3 62. Nf3 Bxf3 63. Kb1 Be4+ 64. Ka1 Kc2 65. Ka2 Bd5+ 66. Ka1 Kc1 0-1

[Event "BEL-chT 1617"]
[Site "Belgium"]
[Date "2017.03.26"]
[Round "10.5"]
[White "Boidman, Yuri"]
[Black "Sclacmender, Julien"]
[Result "1/2-1/2"]
[WhiteElo "2319"]
[BlackElo "2204"]
[PlyCount "120"]
[EventDate "2016.10.02"]
[EventType "team-tourn"]
[EventRounds "11"]
[EventCountry "BEL"]
[SourceTitle "EXT 2018"]
[Source "ChessBase"]
[SourceDate "2017.10.13"]
[SourceVersion "1"]
[SourceVersionDate "2017.10.13"]
[SourceQuality "1"]
[WhiteTeam "Wirtzfeld"]
[BlackTeam "Charleroi CREC"]
[WhiteTeamCountry "BEL"]
[BlackTeamCountry "BEL"]

1. e4 c5 2. Nf3 Nc6 3. Bb5 g6 4. 0-0 Bg7 5. Nc3 Nd4 6. Nxd4 cxd4 7. Ne2 Qb6 8. Bc4 Nf6 9. d3 d6 10. h3 0-0 11. f4 Nxe4 12. dxe4 d3+ 13. Kh1 dxe2 14. Qxe2 Bd7 15. Be3 Qa5 16. c3 Rac8 17. Rf2 Bc6 18. Bd2 Qb6 19. Be1 Qc7 20. f5 Bd7 21. Bb3 a5 22. a3 Qb6 23. Bd5 Bc6 24. Rd1 a4 25. Rf3 Bf6 26. Bf2 Qa5 27. Be3 Bxd5 28. Rxd5 Qc7 29. Bh6 Rfe8 30. Bf4 Qc4 31. Qxc4 Rxc4 32. e5 dxe5 33. Bxe5 Bxe5 34. Rxe5 gxf5 35. Rexf5 f6 36. Rd3 Re4 37. Rb5 Rb8 38. Rb6 Re1+ 39. Kh2 Kf7 40. Rd7 Re2 41. Rd3 h5 42. h4 f5 43. Rg3 e6 44. Rg5 Kf6 45. Kg3 Rd8 46. Rxh5 Rd3+ 47. Kh2 Rdd2 48. Rh6+ Kg7 49. Rhxe6 Rxg2+ 50. Kh3 Rxb2 51. Rbd6 f4 52. Rd7+ Kf8 53. Rd3 Rg3+ 54. Rxg3 fxg3 55. Re4 Rb3 56. Rxa4 Rxc3 57. Rf4+ Kg7 58. Rg4+ Kh7 59. Rxg3 Rc4 60. Rb3 b5 1/2-1/2

[Event "BEL-chT 1617"]
[Site "Belgium"]
[Date "2016.11.06"]
[Round "3.6"]
[White "Goormachtigh, Johan"]
[Black "Sclacmender, Julien"]
[Result "1/2-1/2"]
[WhiteElo "2160"]
[BlackElo "2204"]
[PlyCount "45"]
[EventDate "2016.10.02"]
[EventType "team-tourn"]
[EventRounds "11"]
[EventCountry "BEL"]
[SourceTitle "CBM 175 Extra"]
[Source "ChessBase"]
[SourceDate "2016.12.12"]
[SourceVersion "1"]
[SourceVersionDate "2016.12.12"]
[SourceQuality "1"]
[WhiteTeam "KGSRL"]
[BlackTeam "Charleroi CREC"]
[WhiteTeamCountry "BEL"]
[BlackTeamCountry "BEL"]

1. d4 Nf6 2. c4 c5 3. d5 b5 4. cxb5 a6 5. bxa6 Bxa6 6. Nc3 d6 7. Nf3 g6 8. g3 Bg7 9. Bg2 Nbd7 10. Rb1 Qa5 11. 0-0 0-0 12. Bd2 Ng4 13. Qc2 Nge5 14. b3 Nxf3+ 15. Bxf3 Ne5 16. Bg2 Qa3 17. Bc1 Qb4 18. a3 Qb6 19. Bd2 Rfb8 20. h3 Qa5 21. Na4 Qc7 22. Nc3 Qa5 23. Na4 1/2-1/2

[Event "Charleroi op"]
[Site "Charleroi"]
[Date "2016.08.03"]
[Round "6"]
[White "Hautot, Stephane"]
[Black "Sclacmender, Julien"]
[Result "1-0"]
[WhiteElo "2402"]
[BlackElo "2201"]
[PlyCount "66"]
[EventDate "2016.07.30"]
[EventType "swiss"]
[EventRounds "9"]
[EventCountry "BEL"]
[SourceTitle "CBM 173 Extra"]
[Source "ChessBase"]
[SourceDate "2016.08.29"]
[SourceVersion "1"]
[SourceVersionDate "2016.08.29"]
[SourceQuality "1"]

1. e4 c6 2. d4 d5 3. e5 g6 4. Nf3 Bg7 5. c4 Bg4 6. Nc3 Bxf3 7. Qxf3 e6 8. h4 Nd7 9. h5 g5 10. cxd5 exd5 11. h6 Nxh6 12. Qh5 Nf5 13. Bxg5 Qc7 14. 0-0-0 Nf8 15. Bf6 Bxf6 16. exf6 Qf4+ 17. Rd2 Nd6 18. Qe5+ Qxe5 19. dxe5 Nc8 20. g3 Nb6 21. Bd3 0-0-0 22. f4 Rg8 23. Rg2 Ne6 24. Ne2 Nc5 25. Bxh7 Rgf8 26. Nd4 Nc4 27. b3 Nb6 28. Re2 Kc7 29. Bf5 a5 30. Rh7 Nbd7 31. g4 Rde8 32. g5 Rh8 33. Rh4 Nb8 1-0

[Event "BEL-chT 1415"]
[Site "Belgium"]
[Date "2015.03.15"]
[Round "10.3"]
[White "Sclacmender, Julien"]
[Black "Van der Stricht, Geert"]
[Result "1/2-1/2"]
[WhiteElo "2247"]
[BlackElo "2379"]
[PlyCount "114"]
[EventDate "2014.09.28"]
[EventType "team-swiss"]
[EventRounds "11"]
[EventCountry "BEL"]
[SourceTitle "EXT 2016"]
[Source "ChessBase"]
[SourceDate "2015.10.08"]
[SourceVersion "1"]
[SourceVersionDate "2015.10.08"]
[SourceQuality "1"]
[WhiteTeam "Charleroi CREC"]
[BlackTeam "KGSRL"]
[WhiteTeamCountry "BEL"]
[BlackTeamCountry "BEL"]

1. e4 c5 2. Nf3 d6 3. d4 cxd4 4. Nxd4 Nf6 5. Nc3 a6 6. Qf3 g6 7. h3 Bg7 8. Be3 Qc7 9. g4 h6 10. 0-0-0 Nc6 11. Qg2 e5 12. Nb3 0-0 13. g5 hxg5 14. Bxg5 Be6 15. h4 Nh5 16. Be2 Nf4 17. Bxf4 exf4 18. h5 Bh6 19. Kb1 g5 20. Bg4 Ne5 21. Bf5 f3 22. Qh3 g4 23. Rhg1 Kh8 24. Qh2 Rac8 25. Nd4 Qb6 26. Nd5 Bxd5 27. Bxc8 Bxe4 28. Bxg4 Nc4 29. Nb3 f5 30. Bh3 Ne5 31. Rg6 Nxg6 32. hxg6 Kg7 33. Rxd6 Qb5 34. Nd4 Qc4 35. Qe5+ Kg8 36. b3 Qc3 37. Qe6+ Kh8 38. a4 Qe1+ 39. Kb2 Bg7 40. Qc4 Qd1 41. Rd7 b5 42. Qc5 Re8 43. Rxg7 Kxg7 44. Qd6 Bxc2 45. Qd7+ Kh6 46. Nxf5+ Kg5 47. Qxe8 Qb1+ 48. Kc3 Qxb3+ 49. Kd2 Qd3+ 50. Kc1 Qd1+ 51. Kb2 Qb1+ 52. Kc3 Qb3+ 53. Kd2 Qd3+ 54. Kc1 Qd1+ 55. Kb2 Qb1+ 56. Kc3 Qb3+ 57. Kd2 Qd3+ 1/2-1/2

[Event "BEL-chT 1314"]
[Site "Belgium"]
[Date "2014.02.23"]
[Round "10.7"]
[White "Van Mechelen, Jan"]
[Black "Sclacmender, Julien"]
[Result "0-1"]
[WhiteElo "2166"]
[BlackElo "2228"]
[PlyCount "86"]
[EventDate "2013.09.22"]
[EventType "team-tourn"]
[EventRounds "11"]
[EventCountry "BEL"]
[SourceTitle "EXT 2015"]
[Source "ChessBase"]
[SourceDate "2014.11.20"]
[SourceVersion "1"]
[SourceVersionDate "2014.11.20"]
[SourceQuality "1"]
[WhiteTeam "Anderlecht"]
[BlackTeam "Charleroi CREC"]
[WhiteTeamCountry "BEL"]
[BlackTeamCountry "BEL"]

1. e4 c5 2. Nc3 Nc6 3. g3 g6 4. Bg2 Bg7 5. d3 d6 6. Be3 Rb8 7. Qd2 b5 8. Nge2 b4 9. Nd1 Bd7 10. 0-0 Qc8 11. c3 bxc3 12. bxc3 Nf6 13. Bh6 0-0 14. Bxg7 Kxg7 15. Ne3 Bh3 16. f4 Bxg2 17. Kxg2 Qa6 18. g4 Rb7 19. g5 Nd7 20. Rac1 Rfb8 21. Rc2 Rb1 22. Nc1 Qb5 23. Nc4 Qa4 24. Rf2 Nb6 25. Nxb6 R8xb6 26. h4 Nd8 27. Kg3 Qd7 28. Rh2 d5 29. h5 dxe4 30. dxe4 Rd6 31. Qe2 Ne6 32. hxg6 fxg6 33. Rf2 Rd1 34. Nb3 Rg1+ 35. Rg2 Rxg2+ 36. Qxg2 Qd3+ 37. Kg4 Rf1 38. Rf2 Rxf2 39. Qxf2 Qxe4 40. Qf3 Nxg5 41. Qxe4 Nxe4 42. c4 Nd6 43. Nxc5 Nxc4 0-1

[Event "BEL-chT 1314"]
[Site "Belgium"]
[Date "2013.12.01"]
[Round "5.6"]
[White "Broekmeulen, Jasper"]
[Black "Sclacmender, Julien"]
[Result "1-0"]
[WhiteElo "2439"]
[BlackElo "2228"]
[PlyCount "59"]
[EventDate "2013.09.22"]
[EventType "team-tourn"]
[EventRounds "11"]
[EventCountry "BEL"]
[SourceTitle "EXT 2015"]
[Source "ChessBase"]
[SourceDate "2014.11.20"]
[SourceVersion "1"]
[SourceVersionDate "2014.11.20"]
[SourceQuality "1"]
[WhiteTeam "Amay"]
[BlackTeam "Charleroi CREC"]
[WhiteTeamCountry "BEL"]
[BlackTeamCountry "BEL"]

1. e4 c5 2. Nf3 Nc6 3. Nc3 g6 4. Bb5 Bg7 5. Bxc6 dxc6 6. h3 Nf6 7. d3 Nd7 8. Be3 e5 9. Qd2 Qe7 10. Bh6 f6 11. Bxg7 Qxg7 12. Nh2 Nf8 13. f4 Bd7 14. fxe5 fxe5 15. Nf3 Ne6 16. Ne2 b6 17. Qc3 Nd4 18. Nexd4 cxd4 19. Qa3 c5 20. Qb3 Rd8 21. 0-0 Rf8 22. Rf2 h6 23. Raf1 Ke7 24. Qd5 Bxh3 25. Qxe5+ Qxe5 26. Nxe5 Rxf2 27. Rxf2 Bd7 28. Nxg6+ Kd6 29. Rf6+ Kc7 30. Ne5 1-0

[Event "Charleroi op"]
[Site "Charleroi"]
[Date "2012.08.03"]
[Round "8"]
[White "Sclacmender, Julien"]
[Black "Schuermans, Robert"]
[Result "0-1"]
[WhiteElo "2223"]
[BlackElo "2202"]
[PlyCount "52"]
[EventDate "2012.07.28"]
[EventType "swiss"]
[EventRounds "9"]
[EventCountry "BEL"]
[SourceTitle "CBM 149 Extra"]
[Source "ChessBase"]
[SourceDate "2012.08.24"]
[SourceVersion "1"]
[SourceVersionDate "2012.08.24"]
[SourceQuality "1"]

1. e4 e5 2. Nf3 Nc6 3. d4 exd4 4. Nxd4 Nf6 5. Nxc6 bxc6 6. e5 Qe7 7. Qe2 Nd5 8. c4 Ba6 9. b3 0-0-0 10. g3 Re8 11. Bb2 f6 12. Bh3 fxe5 13. Qd2 Nf6 14. 0-0 Kb8 15. Re1 e4 16. Nc3 Qf7 17. Rad1 Qh5 18. Bg2 Ng4 19. Nxe4 Qxh2+ 20. Kf1 d5 21. Qa5 dxe4 22. Qxa6 Bc5 23. Qxc6 Rhf8 24. Qb5+ Bb6 25. Re2 Nxf2 26. Bxg7 Nd3+ 0-1

[Event "Charleroi op"]
[Site "Charleroi"]
[Date "2012.07.30"]
[Round "4"]
[White "Sclacmender, Julien"]
[Black "Bikady, Claude"]
[Result "1-0"]
[WhiteElo "2223"]
[BlackElo "1964"]
[PlyCount "61"]
[EventDate "2012.07.28"]
[EventType "swiss"]
[EventRounds "9"]
[EventCountry "BEL"]
[SourceTitle "CBM 149 Extra"]
[Source "ChessBase"]
[SourceDate "2012.08.24"]
[SourceVersion "1"]
[SourceVersionDate "2012.08.24"]
[SourceQuality "1"]

1. e4 c5 2. Nc3 Nc6 3. Nf3 e6 4. d4 cxd4 5. Nxd4 Nf6 6. Ndb5 d6 7. Bf4 e5 8. Bg5 a6 9. Na3 b5 10. Nd5 Be7 11. Bxf6 Bxf6 12. c3 0-0 13. h4 Be6 14. Nxf6+ gxf6 15. Nc2 d5 16. exd5 Qxd5 17. Qxd5 Bxd5 18. Rh3 Rad8 19. Rg3+ Kh8 20. Rd3 Be4 21. Rxd8 Rxd8 22. Ne3 Ne7 23. a4 Rb8 24. axb5 axb5 25. Ra7 Nc6 26. Rxf7 b4 27. f3 bxc3 28. bxc3 Rb1+ 29. Kf2 Rb2+ 30. Kg3 Bg6 31. Rxf6 1-0

[Event "Charleroi op"]
[Site "Charleroi"]
[Date "2011.08.02"]
[Round "5"]
[White "Sclacmender, Julien"]
[Black "Noiroux, Kevin"]
[Result "1-0"]
[WhiteElo "2221"]
[BlackElo "2199"]
[PlyCount "67"]
[EventDate "2011.07.30"]
[EventType "swiss"]
[EventRounds "9"]
[EventCountry "BEL"]
[SourceTitle "EXT 2012"]
[Source "ChessBase"]
[SourceDate "2011.11.24"]
[SourceVersion "1"]
[SourceVersionDate "2011.11.24"]
[SourceQuality "1"]

1. e4 d5 2. exd5 Qxd5 3. Nc3 Qa5 4. d4 Nf6 5. Bd2 Bg4 6. f3 Bf5 7. g4 Bg6 8. f4 e6 9. f5 exf5 10. g5 Nfd7 11. Qe2+ Kd8 12. 0-0-0 Nc6 13. d5 Nb4 14. a3 Nxc2 15. Kxc2 f4+ 16. Kb3 Nc5+ 17. Ka2 Nd3 18. Qxd3 Bxd3 19. Bxd3 Bd6 20. Nf3 h6 21. h4 hxg5 22. hxg5 Rxh1 23. Rxh1 Ke7 24. Nd4 g6 25. Nb3 Qb6 26. Ne4 a5 27. Bc3 Qe3 28. Bf6+ Kd7 29. Bd4 Qf3 30. Nf6+ Ke7 31. Re1+ Kf8 32. Nd7+ Kg8 33. Be4 Qh5 34. Nf6+ 1-0